[Event "Oberliga Ost A"]
[Site "?"]
[Date "2022.05.21"]
[Round "4.6"]
[White "Nake, Matthias"]
[Black "Buerckner, Georg"]
[Result "1-0"]
[WhiteElo "2161"]
[BlackElo "2039"]
[PlyCount "77"]
[EventDate "2021.10.10"]
[EventType "team-tourn"]
[EventCountry "GER"]
[WhiteTeam "Dresden SG Gruen Weiss"]
[BlackTeam "Sangerhausen SV"]
[WhiteTeamCountry "GER"]
[BlackTeamCountry "GER"]

1. e4 e5 2. Nf3 Nc6 3. d4 exd4 4. Nxd4 d6 5. Nc3 Nf6 6. f3 Be7 7. Be3 Nxd4 8.
Qxd4 Be6 9. O-O-O O-O 10. g4 Nd7 11. Nd5 Bf6 12. Qd2 Bxd5 13. Qxd5 Nb6 14. Qd2
Qd7 15. Kb1 Qa4 16. g5 Be7 17. h4 Rad8 18. b3 Qc6 19. c4 Nd7 20. Bg2 b5 21.
cxb5 Qxb5 22. Bf1 Qb7 23. Qc2 a5 24. h5 a4 25. g6 axb3 26. axb3 Bf6 27. gxf7+
Kh8 28. h6 g6 29. Bc4 Nb6 30. Bg5 Be5 31. f4 Nxc4 32. Qxc4 Rxf7 33. fxe5 Ra8
34. Rhf1 Qa7 35. Qa4 Qb7 36. Rxf7 Qc8 37. Bf6+ Kg8 38. Rg7+ Kf8 39. Be7# 1-0

[Event "Oberliga Ost A"]
[Site "?"]
[Date "2022.05.21"]
[Round "4.7"]
[White "Markus, Nico"]
[Black "Salewski, Bernd"]
[Result "1/2-1/2"]
[WhiteElo "1707"]
[BlackElo "1964"]
[PlyCount "151"]
[EventDate "2021.10.10"]
[EventType "team-tourn"]
[EventCountry "GER"]
[WhiteTeam "Sangerhausen SV"]
[BlackTeam "Dresden SG Gruen Weiss"]
[WhiteTeamCountry "GER"]
[BlackTeamCountry "GER"]

1. e4 e6 2. d4 d5 3. Nd2 Nf6 4. Bd3 c5 5. e5 Nfd7 6. c3 Nc6 7. Ne2 cxd4 8. cxd4
f6 9. exf6 Nxf6 10. O-O Bd6 11. Nf3 O-O 12. Bg5 Qc7 13. h3 e5 14. dxe5 Nxe5 15.
Nxe5 Bxe5 16. Rc1 Qf7 17. b3 Ne4 18. Bxe4 dxe4 19. Ng3 Be6 20. Qe2 Qg6 21. Be3
Bxg3 22. fxg3 Rxf1+ 23. Rxf1 Qxg3 24. Bf4 Qg6 25. Qe3 Bd5 26. Rd1 Bc6 27. Rd6
Qf7 28. Qd2 Rf8 29. Rd8 h6 30. Rxf8+ Qxf8 31. Be3 a6 32. Qf2 Qd8 33. Bc5 Qb8
34. Qe3 Qe5 35. Qd4 Qe8 36. Kh2 Kh7 37. Qe3 Qe5+ 38. g3 Qe6 39. h4 Bd7 40. Bd4
Qh3+ 41. Kg1 Qg4 42. a3 Qg6 43. b4 Qg4 44. Kf2 Bb5 45. Bc3 Bd3 46. Kg2 Be2 47.
Kf2 Bf3 48. Qd4 Bd1 49. Qe3 Bc2 50. Qf4 Qg6 51. Qe5 Bd3 52. Qf4 Qe6 53. Ke3
Qb6+ 54. Bd4 Qg6 55. g4 h5 56. gxh5 Qxh5 57. Qf2 Qg4 58. Bc3 Kg8 59. Bd4 Qc8
60. Bc5 Qd8 61. Qg3 Bb1 62. Bd4 Qf8 63. Qg4 Qf7 64. Qc8+ Kh7 65. Qg4 Qb3+ 66.
Kf4 Qf7+ 67. Ke3 Qg6 68. Qxg6+ Kxg6 69. Kf4 Kh6 70. a4 Bd3 71. a5 g6 72. Bc5
Kg7 73. Ke3 Kf6 74. Bf8 Kf5 75. Be7 Ke5 76. Bc5 1/2-1/2

[Event "Oberliga Ost A"]
[Site "?"]
[Date "2022.05.21"]
[Round "4.8"]
[White "Hutschenreiter, Joerg"]
[Black "Lehnert, Stefan"]
[Result "1-0"]
[WhiteElo "2019"]
[BlackElo "1803"]
[PlyCount "85"]
[EventDate "2021.10.10"]
[EventType "team-tourn"]
[EventCountry "GER"]
[WhiteTeam "Dresden SG Gruen Weiss"]
[BlackTeam "Sangerhausen SV"]
[WhiteTeamCountry "GER"]
[BlackTeamCountry "GER"]

1. d4 Nf6 2. c4 e6 3. Nc3 d5 4. Bg5 Be7 5. e3 O-O 6. Nf3 c6 7. Rc1 Ne4 8. Bxe7
Qxe7 9. Bd3 f5 10. O-O Nd7 11. Nd2 Rf6 12. f3 Nxc3 13. bxc3 Rh6 14. Qe2 Nf6 15.
e4 Nh5 16. g3 Qg5 17. f4 Qg6 18. exf5 exf5 19. Qf3 Qd6 20. Rfe1 Nf6 21. Re5 Ne4
22. Nb3 b6 23. cxd5 cxd5 24. c4 Be6 25. cxd5 Bd7 26. Bxe4 fxe4 27. Qxe4 Rf6 28.
Rc3 Raf8 29. Qc2 Bf5 30. Qc1 h5 31. Rc6 Qb4 32. Rc4 Qd6 33. Nd2 h4 34. Nf3 hxg3
35. hxg3 Rh6 36. Ng5 Bd3 37. Rc3 Bb5 38. Rc8 Rhf6 39. Qb1 g6 40. Rxf8+ Qxf8 41.
Qxb5 Qa3 42. Qe8+ Qf8 43. Qd7 1-0

[Event "Oberliga Ost A"]
[Site "?"]
[Date "2022.05.21"]
[Round "4.1"]
[White "Hartge, Gedeon"]
[Black "Bures, Jaroslav"]
[Result "1/2-1/2"]
[WhiteElo "2250"]
[BlackElo "2422"]
[PlyCount "83"]
[EventDate "2021.10.10"]
[EventType "team-tourn"]
[EventCountry "GER"]
[WhiteTeam "Halle USV"]
[BlackTeam "Hoyerswerda FVS ASP"]
[WhiteTeamCountry "GER"]
[BlackTeamCountry "GER"]

1. d4 Nf6 2. c4 g6 3. f3 d6 4. e4 Bg7 5. Nc3 O-O 6. Nge2 Nc6 7. Be3 a6 8. a3
Bd7 9. b4 b5 10. cxb5 axb5 11. d5 Na7 12. Nd4 e6 13. dxe6 fxe6 14. Qd2 Nh5 15.
Rc1 Bxd4 16. Bxd4 Nc6 17. Be3 Ne5 18. Bg5 Qb8 19. f4 Nf7 20. Be7 Re8 21. Bh4
Rxa3 22. Be2 Ng7 23. O-O Qb6+ 24. Bf2 Qb7 25. Qb2 Rea8 26. Bf3 Bc6 27. Bd4 e5
28. fxe5 dxe5 29. Bf2 Ne6 30. h4 Nf4 31. Rfd1 Nd6 32. Nd5 Bxd5 33. exd5 Nd3 34.
Rxd3 Rxd3 35. Qxe5 Re8 36. Qg5 Qc8 37. h5 Qf5 38. Qxf5 Nxf5 39. hxg6 Re7 40.
gxh7+ Kxh7 41. Rc5 Nd6 42. Rc6 1/2-1/2

[Event "Oberliga Ost A"]
[Site "?"]
[Date "2022.05.21"]
[Round "4.2"]
[White "Orsag, Milan"]
[Black "Hoepfl, Thomas"]
[Result "1/2-1/2"]
[WhiteElo "2315"]
[BlackElo "2254"]
[PlyCount "55"]
[EventDate "2021.10.10"]
[EventType "team-tourn"]
[EventCountry "GER"]
[WhiteTeam "Hoyerswerda FVS ASP"]
[BlackTeam "Halle USV"]
[WhiteTeamCountry "GER"]
[BlackTeamCountry "GER"]

1. d4 Nf6 2. c4 g6 3. Nc3 Bg7 4. e4 d6 5. f4 O-O 6. Nf3 c5 7. d5 e6 8. dxe6
fxe6 9. Bd3 Nc6 10. O-O Nd4 11. Nxd4 cxd4 12. Nb5 e5 13. Qc2 a6 14. Na3 Bd7 15.
fxe5 dxe5 16. c5 Qc7 17. Bd2 Nh5 18. b4 Nf4 19. Nc4 Nxd3 20. Qxd3 Rxf1+ 21.
Rxf1 Rf8 22. Nd6 Rxf1+ 23. Qxf1 Be6 24. a3 Qd7 25. Bg5 Bb3 26. Qd3 Be6 27. Qf1
Bb3 28. Qd3 1/2-1/2

[Event "Oberliga Ost A"]
[Site "?"]
[Date "2022.05.21"]
[Round "4.3"]
[White "Sukaylo, Aleksey"]
[Black "Hovsepyan, Vardan"]
[Result "1/2-1/2"]
[WhiteElo "2107"]
[BlackElo "2244"]
[PlyCount "136"]
[EventDate "2021.10.10"]
[EventType "team-tourn"]
[EventCountry "GER"]
[WhiteTeam "Halle USV"]
[BlackTeam "Hoyerswerda FVS ASP"]
[WhiteTeamCountry "GER"]
[BlackTeamCountry "GER"]

1. e4 e5 2. Nf3 Nc6 3. Bc4 Bc5 4. c3 Nf6 5. d4 exd4 6. cxd4 Bb4+ 7. Bd2 Bxd2+
8. Nbxd2 d5 9. exd5 Nxd5 10. Qb3 Na5 11. Qa4+ c6 12. Bxd5 Qxd5 13. O-O O-O 14.
Rfc1 Qb5 15. Qa3 b6 16. Qc3 Bd7 17. Ne5 Rad8 18. Ndf3 Be6 19. b4 f6 20. bxa5
fxe5 21. Nxe5 c5 22. dxc5 Rd5 23. axb6 axb6 24. Qe3 bxc5 25. Ng6 Re8 26. Nf4
Bf7 27. Nxd5 Rxe3 28. Nxe3 Qa5 29. a4 Bb3 30. h3 h6 31. Ra3 Be6 32. Rac3 Qxa4
33. Rxc5 Qd4 34. Rc7 Qb2 35. R7c2 Qb5 36. Rc6 Qe5 37. Rb1 Bd7 38. Ra6 Qg5 39.
Rbb6 Kh7 40. Kh1 Bc8 41. Ra8 Qc5 42. Rbb8 Qc1+ 43. Kh2 Qc7+ 44. Kg1 Qc1+ 45.
Kh2 Qc7+ 46. g3 Bb7 47. Rh8+ Kg6 48. Rad8 Qc6 49. Nd5 Qc2 50. Rhf8 Qe4 51. Rfe8
Qb1 52. Rd6+ Kh7 53. Re7 Kh8 54. Rd8+ Kh7 55. Rdd7 Bxd5 56. Rxd5 Qa2 57. Rf5
Kg6 58. Rf4 Qc2 59. h4 Qa2 60. Kh3 Qd5 61. f3 Qd1 62. Re6+ Kh7 63. Re5 Qd7+ 64.
g4 Qd1 65. Rff5 Qh1+ 66. Kg3 Qg1+ 67. Kh3 Qh1+ 68. Kg3 Qg1+ 1/2-1/2

[Event "Oberliga Ost A"]
[Site "?"]
[Date "2022.05.21"]
[Round "4.5"]
[White "Perekhozhuk, Maksym"]
[Black "Boehm, Robert"]
[Result "1/2-1/2"]
[WhiteElo "1978"]
[BlackElo "2135"]
[PlyCount "59"]
[EventDate "2021.10.10"]
[EventType "team-tourn"]
[EventCountry "GER"]
[WhiteTeam "Halle USV"]
[BlackTeam "Hoyerswerda FVS ASP"]
[WhiteTeamCountry "GER"]
[BlackTeamCountry "GER"]

1. e4 c5 2. Nf3 Nc6 3. d4 cxd4 4. Nxd4 Nf6 5. Nc3 d6 6. f3 e6 7. Be3 a6 8. g4
h6 9. Qd2 Bd7 10. h4 Qc7 11. O-O-O Nxd4 12. Bxd4 Bc6 13. Bd3 Nd7 14. g5 Ne5 15.
Be2 Bd7 16. Rdg1 hxg5 17. hxg5 Rxh1 18. Rxh1 Nc6 19. Rh8 Nxd4 20. Qxd4 O-O-O
21. f4 Qc5 22. Qxc5+ dxc5 23. e5 Bc6 24. Nd1 Kc7 25. Ne3 b5 26. c4 Be7 27. Rxd8
Kxd8 28. Bg4 Be4 29. Kd2 Ke8 30. a3 1/2-1/2

[Event "Oberliga Ost A"]
[Site "?"]
[Date "2022.05.21"]
[Round "4.6"]
[White "Grohmann, Alexander"]
[Black "Hentzgen, Thomas"]
[Result "1/2-1/2"]
[WhiteElo "1975"]
[BlackElo "2023"]
[PlyCount "42"]
[EventDate "2021.10.10"]
[EventType "team-tourn"]
[EventCountry "GER"]
[WhiteTeam "Hoyerswerda FVS ASP"]
[BlackTeam "Halle USV"]
[WhiteTeamCountry "GER"]
[BlackTeamCountry "GER"]

1. d4 e6 2. Nf3 b6 3. b3 Bb7 4. e3 Nf6 5. Bd3 d5 6. O-O Bd6 7. Bb2 O-O 8. Nbd2
Ne4 9. c4 Nd7 10. Ne5 Nxe5 11. dxe5 Bb4 12. Nxe4 dxe4 13. Bc2 Qg5 14. Qe2 Rfd8
15. Rfd1 a5 16. a3 Bf8 17. Rab1 g6 18. Rd4 Bc5 19. Rdd1 Bf8 20. Rd4 Bc5 21.
Rdd1 Bf8 1/2-1/2

[Event "Oberliga Ost A"]
[Site "?"]
[Date "2022.05.21"]
[Round "4.7"]
[White "Hartwig, Maik"]
[Black "Heyme, Sibylle"]
[Result "1/2-1/2"]
[WhiteElo "2053"]
[BlackElo "1976"]
[PlyCount "48"]
[EventDate "2021.10.10"]
[EventType "team-tourn"]
[EventCountry "GER"]
[WhiteTeam "Halle USV"]
[BlackTeam "Hoyerswerda FVS ASP"]
[WhiteTeamCountry "GER"]
[BlackTeamCountry "GER"]

1. d4 Nf6 2. Nf3 g6 3. c4 Bg7 4. Nc3 d6 5. e4 O-O 6. Be2 Nc6 7. d5 Ne5 8. Nd4
c5 9. dxc6 Nxc6 10. Be3 Bd7 11. O-O a6 12. f3 Rc8 13. Nxc6 Bxc6 14. Qd2 Re8 15.
Rfd1 Qc7 16. Rac1 Qb8 17. Nd5 Nxd5 18. cxd5 Bd7 19. Bd4 Rxc1 20. Rxc1 Rc8 21.
Rxc8+ Qxc8 22. Bxg7 Kxg7 23. Qc3+ Qxc3 24. bxc3 f5 1/2-1/2

[Event "Oberliga Ost A"]
[Site "?"]
[Date "2022.06.18"]
[Round "4.1"]
[White "Natsidis, Christoph"]
[Black "Mueller, Dominik"]
[Result "1/2-1/2"]
[WhiteElo "2331"]
[BlackElo "2223"]
[PlyCount "96"]
[EventDate "2021.10.10"]
[EventType "team-tourn"]
[EventCountry "GER"]
[WhiteTeam "Leipzig SG"]
[BlackTeam "Magdeburg SV Rochade"]
[WhiteTeamCountry "GER"]
[BlackTeamCountry "GER"]

1. Nf3 d5 2. g3 Nf6 3. Bg2 Bg4 4. O-O e6 5. c4 c6 6. Ne5 Bf5 7. d4 Be7 8. Nc3
Nbd7 9. Bf4 O-O 10. Nxd7 Qxd7 11. cxd5 cxd5 12. Qb3 Rfc8 13. Rfc1 Rc4 14. a3
Rac8 15. Bf1 Ne4 16. Nxe4 Bxe4 17. Rxc4 Rxc4 18. Rc1 g5 19. Bd2 Qc6 20. Rc3 g4
21. e3 b5 22. Qd1 h5 23. Qc1 a6 24. Qe1 h4 25. Rc1 hxg3 26. hxg3 Kg7 27. Qd1
Bf3 28. Qe1 Qa8 29. b3 Qh8 30. Bg2 Rxc1 31. Bxc1 Qh7 32. Qd2 Qb1 33. b4 a5 34.
Bf1 axb4 35. axb4 Bxb4 36. Qb2 Qh7 37. Bg2 Bxg2 38. Kxg2 Qe4+ 39. Kg1 Be1 40.
Qe2 Bc3 41. Qxb5 Qc2 42. Ba3 Be1 43. Qf1 Qd2 44. Bd6 Kg6 45. Bf4 Qd1 46. Kg2
Kf5 47. f3 f6 48. e4+ Kg6 1/2-1/2

[Event "Oberliga Ost A"]
[Site "?"]
[Date "2022.06.18"]
[Round "4.2"]
[White "Niering, Martin"]
[Black "Richter, Leonard"]
[Result "0-1"]
[WhiteElo "2181"]
[BlackElo "2289"]
[PlyCount "72"]
[EventDate "2021.10.10"]
[EventType "team-tourn"]
[EventCountry "GER"]
[WhiteTeam "Magdeburg SV Rochade"]
[BlackTeam "Leipzig SG"]
[WhiteTeamCountry "GER"]
[BlackTeamCountry "GER"]

1. c4 Nf6 2. g3 g6 3. Bg2 Bg7 4. Nc3 O-O 5. e4 d6 6. Nge2 c5 7. d3 Nc6 8. O-O
Ne8 9. Be3 Nd4 10. Qd2 Nc7 11. Bh6 Nxe2+ 12. Nxe2 e5 13. Bxg7 Kxg7 14. f4 f6
15. Rf2 b5 16. cxb5 Nxb5 17. a4 Nd4 18. Nxd4 cxd4 19. b4 a6 20. Qa2 Rb8 21. Rb1
Bd7 22. Rc2 Qb6 23. Qb3 Rfc8 24. Rbc1 Rc3 25. Rxc3 dxc3+ 26. Kf1 Qxb4 27. Qxb4
Rxb4 28. Rxc3 Bxa4 29. Rc7+ Kh6 30. Bh3 exf4 31. gxf4 Bb5 32. Be6 Rxe4 33. f5
Bxd3+ 34. Kg2 Re5 35. h4 Bxf5 36. Bxf5 Rxf5 0-1

[Event "Oberliga Ost A"]
[Site "?"]
[Date "2022.06.18"]
[Round "4.3"]
[White "Nguyen, Alex Dac Vuong"]
[Black "Kahe, Ralph"]
[Result "1-0"]
[WhiteElo "2314"]
[BlackElo "2129"]
[PlyCount "81"]
[EventDate "2021.10.10"]
[EventType "team-tourn"]
[EventCountry "GER"]
[WhiteTeam "Leipzig SG"]
[BlackTeam "Magdeburg SV Rochade"]
[WhiteTeamCountry "GER"]
[BlackTeamCountry "GER"]

1. e4 g6 2. d4 Bg7 3. Nf3 d6 4. Bc4 a6 5. O-O b5 6. Bd5 c6 7. Bb3 e6 8. Re1 Ne7
9. c3 O-O 10. a4 Bb7 11. Qe2 Nd7 12. Nbd2 Nb6 13. a5 Nd7 14. Nf1 c5 15. Ng3 Qc7
16. Bf4 c4 17. Bc2 Nc6 18. Qe3 Rfe8 19. Bh6 Bh8 20. Qf4 e5 21. Qd2 Nxa5 22.
dxe5 Nxe5 23. Nxe5 dxe5 24. Rad1 Rad8 25. Qg5 Nc6 26. Nf5 Rxd1 27. Rxd1 f6 28.
Qg3 Rd8 29. Ra1 Ne7 30. b3 Nxf5 31. exf5 g5 32. h4 Bg7 33. hxg5 Bxh6 34. gxh6+
Kh8 35. Qh4 Qc6 36. Be4 Qb6 37. Bxb7 Rf8 38. Bd5 cxb3 39. Bxb3 a5 40. Qg3 Qc7
41. Rxa5 1-0

[Event "Oberliga Ost A"]
[Site "?"]
[Date "2022.06.18"]
[Round "4.4"]
[White "Schulze, Nick"]
[Black "Heistermann, Till"]
[Result "0-1"]
[WhiteElo "1956"]
[BlackElo "2197"]
[PlyCount "114"]
[EventDate "2021.10.10"]
[EventType "team-tourn"]
[EventCountry "GER"]
[WhiteTeam "Magdeburg SV Rochade"]
[BlackTeam "Leipzig SG"]
[WhiteTeamCountry "GER"]
[BlackTeamCountry "GER"]

1. e4 e5 2. Nf3 d6 3. d4 exd4 4. Nxd4 Nf6 5. Nc3 Be7 6. Be2 O-O 7. O-O Re8 8.
f4 Bf8 9. Bf3 c5 10. Nb3 Nc6 11. Re1 Be6 12. Nd5 Bxd5 13. exd5 Ne7 14. c4 g6
15. Bd2 Bg7 16. Bc3 Nf5 17. Rxe8+ Qxe8 18. Qd3 Qd7 19. Re1 Re8 20. g4 Rxe1+ 21.
Bxe1 Ne7 22. Qe2 Ne8 23. Nc1 Nc7 24. b3 b5 25. Bh4 Nc8 26. f5 Bd4+ 27. Kg2 Nb6
28. Qe7 bxc4 29. Qxd7 Nxd7 30. Be7 cxb3 31. axb3 Ne8 32. Be2 Bf6 33. Bb5 Bxe7
34. Bxd7 Nf6 35. Bc6 Nxg4 36. fxg6 hxg6 37. Ne2 Bf6 38. h3 Ne3+ 39. Kf3 Nc2 40.
Ke4 Na1 41. Ba4 Nc2 42. Kd3 Nb4+ 43. Kc4 a6 44. Bd7 Kf8 45. Bc8 Ke7 46. Nf4 Kd8
47. Bg4 Bg5 48. Ng2 f5 49. Bd1 Ke7 50. Ne1 Kf6 51. Nd3 Nxd3 52. Kxd3 Ke5 53.
Kc4 Kf4 54. b4 cxb4 55. Kxb4 Kg3 56. Be2 Bd2+ 57. Kc4 Kxh3 0-1

[Event "Oberliga Ost A"]
[Site "?"]
[Date "2022.06.18"]
[Round "4.5"]
[White "Roesemann, Rainer"]
[Black "Hoffmann, Simon"]
[Result "1-0"]
[WhiteElo "2265"]
[BlackElo "1877"]
[PlyCount "99"]
[EventDate "2021.10.10"]
[EventType "team-tourn"]
[EventCountry "GER"]
[WhiteTeam "Leipzig SG"]
[BlackTeam "Magdeburg SV Rochade"]
[WhiteTeamCountry "GER"]
[BlackTeamCountry "GER"]

1. c4 e5 2. g3 Nc6 3. Bg2 g6 4. Nc3 Bg7 5. e4 d6 6. Nge2 Be6 7. d3 Qd7 8. Nd5
Nd8 9. Bg5 f6 10. Be3 c6 11. Ndc3 Ne7 12. Qd2 O-O 13. O-O Nf7 14. b3 c5 15.
Rab1 Rab8 16. b4 b6 17. a3 h6 18. f4 Bh3 19. Rf2 Bxg2 20. Kxg2 Kh7 21. h3 f5
22. Rbf1 a6 23. fxe5 Nxe5 24. Nf4 N7c6 25. Nfd5 Ne7 26. Nxe7 Qxe7 27. exf5 gxf5
28. Rxf5 Rxf5 29. Rxf5 Nc6 30. Nd5 Qe6 31. Qf2 Ne7 32. Nxe7 Qxe7 33. Bd2 Re8
34. Rf7 Qe5 35. Qf5+ Qxf5 36. Rxf5 Kg6 37. Rf4 Re2+ 38. Rf2 Re6 39. Kf3 Be5 40.
Re2 h5 41. a4 Rf6+ 42. Kg2 Bd4 43. b5 a5 44. h4 Be5 45. Bg5 Rf8 46. Be7 Rg8 47.
Bxd6 Bf6 48. Bc7 Kf7 49. Bxb6 Bxh4 50. Re3 1-0

[Event "Oberliga Ost A"]
[Site "?"]
[Date "2022.06.18"]
[Round "4.6"]
[White "Enekwizu, Divine"]
[Black "Rausch, Stephan"]
[Result "1-0"]
[WhiteElo "1838"]
[BlackElo "2275"]
[PlyCount "59"]
[EventDate "2021.10.10"]
[EventType "team-tourn"]
[EventCountry "GER"]
[WhiteTeam "Magdeburg SV Rochade"]
[BlackTeam "Leipzig SG"]
[WhiteTeamCountry "GER"]
[BlackTeamCountry "GER"]

1. d4 d5 2. Bf4 Nf6 3. e3 Bf5 4. c4 c6 5. Qb3 Qb6 6. Nc3 dxc4 7. Bxc4 Qxb3 8.
axb3 Nbd7 9. h3 e6 10. Bg3 Bb4 11. f3 O-O 12. e4 Bg6 13. Nge2 c5 14. Bd6 Rfc8
15. O-O Ne8 16. Be7 a6 17. d5 Nb6 18. d6 Nd7 19. Rfd1 Rab8 20. Nf4 b5 21. Bf1
Rc6 22. Nxg6 hxg6 23. e5 f6 24. f4 Kf7 25. Nxb5 fxe5 26. Nc7 exf4 27. Bc4 Nxc7
28. dxc7 Re8 29. Bd8 Nb6 30. Rxa6 1-0

[Event "Oberliga Ost A"]
[Site "?"]
[Date "2022.06.18"]
[Round "4.7"]
[White "Liedtke, Matthias"]
[Black "Hoffmann, Uwe"]
[Result "1-0"]
[WhiteElo "2240"]
[BlackElo "2081"]
[PlyCount "65"]
[EventDate "2021.10.10"]
[EventType "team-tourn"]
[EventCountry "GER"]
[WhiteTeam "Leipzig SG"]
[BlackTeam "Magdeburg SV Rochade"]
[WhiteTeamCountry "GER"]
[BlackTeamCountry "GER"]

1. e4 d5 2. exd5 Nf6 3. c4 c6 4. d4 cxd5 5. Nc3 e6 6. Bg5 Be7 7. Nf3 O-O 8. Rc1
a6 9. a3 Nc6 10. c5 Bd7 11. Bd3 Ng4 12. Bxe7 Qxe7 13. h3 Nf6 14. O-O e5 15.
Nxe5 Nxe5 16. Re1 Nxd3 17. Rxe7 Nxc1 18. Qxc1 Bc6 19. f3 Rae8 20. Rxe8 Rxe8 21.
b4 h6 22. a4 Bd7 23. Kf2 g5 24. h4 Nh7 25. hxg5 hxg5 26. Nxd5 Bxa4 27. Nf6+
Nxf6 28. Qxg5+ Kf8 29. Qxf6 Bb5 30. d5 Re2+ 31. Kg3 Ke8 32. Qh8+ Kd7 33. Qb8
1-0

[Event "Oberliga Ost A"]
[Site "?"]
[Date "2022.06.18"]
[Round "4.8"]
[White "Weitz, Andreas"]
[Black "Scheibe, Axel"]
[Result "1/2-1/2"]
[WhiteElo "1932"]
[BlackElo "2167"]
[PlyCount "92"]
[EventDate "2021.10.10"]
[EventType "team-tourn"]
[EventCountry "GER"]
[WhiteTeam "Magdeburg SV Rochade"]
[BlackTeam "Leipzig SG"]
[WhiteTeamCountry "GER"]
[BlackTeamCountry "GER"]

1. d4 c5 2. d5 e5 3. c4 d6 4. Nc3 Be7 5. e4 Bg5 6. Bd3 Bxc1 7. Qxc1 Nd7 8. Nge2
Ngf6 9. Ng3 O-O 10. Qg5 h6 11. Qh4 Qb6 12. Rb1 Re8 13. O-O Nf8 14. Nh5 N6h7 15.
Qg3 Ng6 16. f4 exf4 17. Rxf4 Re5 18. Rf5 Bxf5 19. exf5 Nhf8 20. fxg6 Rxh5 21.
gxf7+ Kh8 22. Ne4 Rd8 23. b3 Qc7 24. Rf1 Qe7 25. h3 Re5 26. Qf3 Nd7 27. Qg4 h5
28. Qf3 Rf8 29. Qg3 Nf6 30. Nxf6 gxf6 31. Qg6 Rxf7 32. Qh6+ Kg8 33. Bf5 Rg7 34.
Be6+ Rxe6 35. dxe6 Qxe6 36. Qxh5 Qe3+ 37. Kh1 Rg5 38. Qf3 Qd2 39. Rf2 Qe1+ 40.
Kh2 Qe5+ 41. Qf4 Kg7 42. g3 Rg6 43. h4 a6 44. Qf3 Kh6 45. Qf4+ Kg7 46. Qf3 Kh6
1/2-1/2

[Event "Oberliga Ost A"]
[Site "?"]
[Date "2022.06.18"]
[Round "4.1"]
[White "Schunk, Thomas"]
[Black "Rafayevych, Vilen"]
[Result "1-0"]
[WhiteElo "2138"]
[BlackElo "2155"]
[PlyCount "65"]
[EventDate "2021.10.10"]
[EventType "team-tourn"]
[EventCountry "GER"]
[WhiteTeam "Leipzig SG II"]
[BlackTeam "Magdeburg SG Aufbau Elbe II"]
[WhiteTeamCountry "GER"]
[BlackTeamCountry "GER"]

1. c4 e6 2. g3 d5 3. Bg2 c5 4. Nf3 Nf6 5. O-O d4 6. e3 Nc6 7. exd4 cxd4 8. d3
Be7 9. a3 a5 10. Re1 O-O 11. b3 Nd7 12. Nbd2 e5 13. Rb1 Qc7 14. h3 h6 15. g4
Nc5 16. Nf1 f5 17. N3h2 fxg4 18. hxg4 Bh4 19. Rb2 Bd7 20. Bd5+ Kh8 21. Ng3 Rxf2
22. Rxf2 Bxg3 23. Ref1 Bxf2+ 24. Rxf2 Ne7 25. Bg2 Bc6 26. Nf3 Rf8 27. g5 Bxf3
28. Rxf3 Rxf3 29. Qxf3 Ng8 30. gxh6 Nxh6 31. Bxh6 gxh6 32. Qf8+ Kh7 33. b4 1-0

[Event "Oberliga Ost A"]
[Site "?"]
[Date "2022.06.18"]
[Round "4.2"]
[White "Wagner, Benjamin"]
[Black "Pietzsch, Manuel"]
[Result "1-0"]
[WhiteElo "2055"]
[BlackElo "2128"]
[PlyCount "167"]
[EventDate "2021.10.10"]
[EventType "team-tourn"]
[EventCountry "GER"]
[WhiteTeam "Magdeburg SG Aufbau Elbe II"]
[BlackTeam "Leipzig SG II"]
[WhiteTeamCountry "GER"]
[BlackTeamCountry "GER"]

1. e4 c5 2. Nf3 Nc6 3. d4 cxd4 4. Nxd4 Nf6 5. Nc3 e5 6. Ndb5 d6 7. Bg5 a6 8.
Na3 b5 9. Bxf6 gxf6 10. Nd5 Bg7 11. c3 f5 12. exf5 Bxf5 13. Nc2 O-O 14. Nce3
Be6 15. Bd3 f5 16. O-O Kh8 17. Qh5 Bf7 18. Qh3 e4 19. Bc2 Qg5 20. f4 Qh5 21.
Qxh5 Bxh5 22. h3 Rae8 23. Nc7 Re7 24. Ned5 Rd7 25. Nxa6 b4 26. Naxb4 Nxb4 27.
Nxb4 d5 28. Bd1 Bf7 29. Nc6 Rc7 30. Nd4 Bxd4+ 31. cxd4 Rc4 32. Bb3 Rxd4 33.
Rad1 Rb4 34. Bxd5 Rxb2 35. Bxf7 Rxf7 36. Rf2 Rxf2 37. Kxf2 Ra7 38. Rd5 Rxa2+
39. Kg3 Ra3+ 40. Kh4 Ra2 41. g3 Ra7 42. Rxf5 Re7 43. Ra5 e3 44. Ra1 e2 45. Re1
Re3 46. Kg4 h5+ 47. Kxh5 Rxg3 48. Rxe2 Kg7 49. Kh4 Rg1 50. Re3 Kf6 51. Rg3 Rf1
52. Kg4 Kg6 53. h4 Rh1 54. Rg2 Ra1 55. h5+ Kf6 56. Rg3 Rb1 57. h6 Kg6 58. Rh3
Rg1+ 59. Kf3 Kh7 60. Ke4 Ra1 61. Kf5 Ra5+ 62. Kg4 Ra6 63. Rh4 Rg6+ 64. Kf3 Ra6
65. Rh1 Rb6 66. Ke4 Rb4+ 67. Kf5 Rb5+ 68. Kg4 Rb6 69. Kg5 Rg6+ 70. Kf5 Rb6 71.
Re1 Rxh6 72. Re6 Rh4 73. Kg5 Rh1 74. Kf6 Ra1 75. f5 Ra5 76. Re7+ Kg8 77. Kg6
Kf8 78. Rf7+ Ke8 79. Rb7 Ra1 80. Rb8+ Ke7 81. f6+ Ke6 82. Re8+ Kd7 83. f7 Rg1+
84. Kh5 1-0

[Event "Oberliga Ost A"]
[Site "?"]
[Date "2022.06.18"]
[Round "4.3"]
[White "Schultz, Andreas"]
[Black "Windelband, Jens"]
[Result "0-1"]
[WhiteElo "2188"]
[BlackElo "2063"]
[PlyCount "74"]
[EventDate "2021.10.10"]
[EventType "team-tourn"]
[EventCountry "GER"]
[WhiteTeam "Leipzig SG II"]
[BlackTeam "Magdeburg SG Aufbau Elbe II"]
[WhiteTeamCountry "GER"]
[BlackTeamCountry "GER"]

1. d4 e6 2. c4 d5 3. Nc3 c5 4. cxd5 exd5 5. Nf3 Nc6 6. dxc5 d4 7. Na4 Bxc5 8.
Nxc5 Qa5+ 9. Bd2 Qxc5 10. g3 Nge7 11. Bg2 O-O 12. O-O Be6 13. b4 Qh5 14. Qc2
Rac8 15. Qb2 b5 16. Rac1 Bc4 17. Nxd4 Nxd4 18. Qxd4 Rfd8 19. Qxa7 Nc6 20. Bxc6
Rxc6 21. Bf4 Qxe2 22. Rfe1 Qg4 23. Qe7 Rcc8 24. Bc7 Rf8 25. Bd6 h6 26. Re4 Qg6
27. Rd4 Rfe8 28. Qa7 Bd5 29. Bc5 Qe6 30. Rf1 Bc6 31. Rd2 Qh3 32. f3 Bxf3 33.
Qd7 Qh5 34. Rdf2 Rcd8 35. Qc7 Rd3 36. Qf4 Bd5 37. Qf5 Rxg3+ 0-1

[Event "Oberliga Ost A"]
[Site "?"]
[Date "2022.06.18"]
[Round "4.4"]
[White "Noack, Marcel"]
[Black "Roemling, Sven"]
[Result "0-1"]
[WhiteElo "2033"]
[BlackElo "2214"]
[PlyCount "80"]
[EventDate "2021.10.10"]
[EventType "team-tourn"]
[EventCountry "GER"]
[WhiteTeam "Magdeburg SG Aufbau Elbe II"]
[BlackTeam "Leipzig SG II"]
[WhiteTeamCountry "GER"]
[BlackTeamCountry "GER"]

1. e4 c6 2. d4 d5 3. Nd2 a6 4. Ngf3 Bg4 5. e5 e6 6. Nb3 Nd7 7. h3 Bh5 8. Be3
Qc7 9. g4 Bg6 10. Nh4 Be4 11. f3 Be7 12. Bf2 Bg6 13. Bg2 O-O-O 14. f4 Be4 15.
Bxe4 dxe4 16. Qe2 g5 17. fxg5 Bxg5 18. Qxe4 Ne7 19. Nf3 Bh6 20. Bh4 f5 21. Qe2
Ng6 22. Bg5 Nf4 23. Qh2 Bxg5 24. Nxg5 Nxe5 25. O-O-O fxg4 26. Nxe6 g3 27. Nxc7
gxh2 28. Rxh2 Neg6 29. Na8 b5 30. Nc5 Nd5 31. c4 bxc4 32. Rf2 Rhf8 33. Rc2 Kb8
34. Ne6 Kxa8 35. Nxd8 Rxd8 36. Re1 Nb4 37. Rxc4 Nd3+ 38. Kd2 Nxe1 39. Kxe1 Kb7
40. h4 Rd5 0-1

[Event "Oberliga Ost A"]
[Site "?"]
[Date "2022.06.18"]
[Round "4.5"]
[White "Dietze, Frank"]
[Black "Sieber, Martin"]
[Result "1-0"]
[WhiteElo "2056"]
[BlackElo "1944"]
[PlyCount "75"]
[EventDate "2021.10.10"]
[EventType "team-tourn"]
[EventCountry "GER"]
[WhiteTeam "Leipzig SG II"]
[BlackTeam "Magdeburg SG Aufbau Elbe II"]
[WhiteTeamCountry "GER"]
[BlackTeamCountry "GER"]

1. d4 Nf6 2. c4 b6 3. Nc3 Bb7 4. f3 e6 5. Bg5 Be7 6. Qd2 d5 7. cxd5 exd5 8. Nh3
O-O 9. O-O-O Re8 10. e3 a5 11. Bd3 Na6 12. Rhe1 Nb4 13. Bb1 h6 14. Bxf6 Bxf6
15. a3 Na6 16. Nf4 Bg5 17. Qd3 g6 18. Nxg6 fxg6 19. Qxg6+ Kf8 20. f4 Bf6 21. g4
Bg7 22. g5 Qd6 23. Qf5+ Kg8 24. gxh6 Qxh6 25. Rg1 Rf8 26. Qg4 Rae8 27. Rg3 Bc8
28. Qf3 c6 29. Rg6 Qh4 30. Rdg1 Re7 31. Rxc6 Qxh2 32. Rh1 Rxe3 33. Qxd5+ Be6
34. Rxe6 Qxh1+ 35. Qxh1 Rxe6 36. Ba2 Nc7 37. Qc6 Rf7 38. Bxe6 1-0